Library Banner

Islam and the world/ (Record no. 100623)

MARC details
000 -LEADER
fixed length control field 00395nam a22001457a 4500
005 - DATE AND TIME OF LATEST TRANSACTION
control field 20171208150600.0
008 - FIXED-LENGTH DATA ELEMENTS--GENERAL INFORMATION
fixed length control field 171208b xxu||||| |||| 00| 0 eng d
040 ## - CATALOGING SOURCE
Transcribing agency PK-LaUMT
082 ## - DEWEY DECIMAL CLASSIFICATION NUMBER
Classification number PKAC 297.09
Item number ABU-I
100 ## - MAIN ENTRY--PERSONAL NAME
Personal name Abul Hasan Ali Nadwi
245 ## - TITLE STATEMENT
Title Islam and the world/
Statement of responsibility, etc Abul Hasan Ali Nadwi
260 ## - PUBLICATION, DISTRIBUTION, ETC. (IMPRINT)
Place of publication, distribution, etc Beirut:
Name of publisher, distributor, etc The Holy Quran publishers,
Date of publication, distribution, etc 1983
300 ## - PHYSICAL DESCRIPTION
Extent 210 p.
942 ## - ADDED ENTRY ELEMENTS (KOHA)
Koha item type Books
Holdings
Withdrawn status Lost status Damaged status Home library Current library Date acquired Full call number Barcode Date last seen Price effective from Koha item type
      UMT Main Campus UMT Main Campus 2017-12-08 PKAC 297.09 ABU-I 116437 2017-12-08 2017-12-08 Books